|
|
|
|
| LEADER |
00995nam a22002651 4500 |
| 001 |
c000019942 |
| 003 |
CARM |
| 005 |
00000000000000.0 |
| 008 |
840213s1960 ne a b 00000 eng |
| 019 |
1 |
|
|a 4154032
|z 3114088
|5 LACONCORD2021
|
| 035 |
|
|
|a (OCoLC)939011
|5 LACONCORD2021
|
| 040 |
|
|
|a DLC/ICU
|c ICU
|
| 050 |
0 |
0 |
|a QC174.1
|b .H5
|
| 100 |
1 |
|
|a Hilgevoord, Jan.
|
| 245 |
1 |
0 |
|a Dispersion relations and casual description;
|b an introduction to dispersion relations in field theory.
|
| 260 |
|
|
|a Amsterdam,
|b North-Holland Pub. Co.,
|c 1960.
|
| 300 |
|
|
|a 140 p.
|b diagrs.
|c 23 cm.
|
| 440 |
|
0 |
|a Series in physics
|
| 502 |
|
|
|a Thesis--University of Amsterdam.
|
| 504 |
|
|
|a Bibliography: p. [139]-140.
|
| 650 |
|
0 |
|a Dispersion relations.
|
| 852 |
8 |
|
|b CARM
|h A2:AE34A0
|i B00676
|p 0033539
|f BK
|
| 082 |
0 |
4 |
|a 530.12
|
| 999 |
f |
f |
|i 93955397-ec20-576b-8f9e-da14ba799a4a
|s 64be167d-bccb-5350-88a7-df72921a6c73
|
| 952 |
f |
f |
|p Can circulate
|a CAVAL
|b CAVAL
|c CAVAL
|d CARM 1 Store
|e B00676
|f A2:AE34A0
|h Other scheme
|i book
|m 0033539
|